| 000 | 01366cam a2200385 a 4500 | ||
|---|---|---|---|
| 001 | 000000964 | ||
| 003 | DO-SdBNP | ||
| 005 | 20170927085814.0 | ||
| 007 | 000000964 | ||
| 008 | 980914s1998 maua 000 0 spa | ||
| 020 | _a0070123322 | ||
| 040 |
_aBPMSU _bspa _cBPMSU |
||
| 082 | 4 |
_a860.9 _bV816a, 1998 |
|
| 100 | 1 |
_aVirgillo, Carmelo, _d1934- |
|
| 245 | 1 | 0 |
_aAproximaciones al estudio de la literatura hispánica / _cCarmelo Virgillo, L. Teresa Valdivieso, Edward H. Friedman. |
| 250 | _a4a. ed. | ||
| 260 |
_aBoston : _bMcGraw-Hill College, _c1998. |
||
| 300 |
_axii, 433 p. : _bil. ; _c24 cm. |
||
| 650 | 4 |
_aLITERATURA ESPAÑOLA _xHISTORIOGRAFÍA |
|
| 650 | 4 |
_aLITERATURA HISPANOAMERICANA _xHISTORIOGRAFÍA |
|
| 650 | 4 | _aLITERATURA ESPAÑOLA | |
| 650 | 4 | _aLITERATURA HISPANOAMERICANA | |
| 700 | 1 | 2 | _aValdivieso, L. Teresa. |
| 700 | 1 | 2 | _aFriedman, Edward H. |
| 910 | _aValidado. Control de calidad MMOLINA | ||
| 930 | 1 |
_lBND01 _mLF1 _h860.9 _820131018 _f04 _pHD _g41366 _he. 4 |
|
| 930 | 1 |
_lBND01 _mLF1 _h860.9 _820131018 _f04 _pHD _g41367 _he. 5 |
|
| 942 |
_2ddc _cBK |
||
| 945 | _aInventariado, 2017/MFF | ||
| 956 |
_aGREYES _b20 _c20090617 _lBND01 _h2012 |
||
| 956 |
_aWMENDOZA _b40 _c20090625 _lBND01 _h1625 |
||
| 956 |
_aMMOLINA _b40 _c20090821 _lBND01 _h1003 |
||
| 956 |
_aMFILETO _b40 _c20130729 _lBND01 _h1004 |
||
| 956 |
_aVMATEO _b10 _c20150806 _lBPMSU _h00151 |
||
| 999 |
_c8108 _d8108 |
||